[Event "IX IBCA World Team Ch. for the Blind an"]
[Site "Ohrid, North Macedonia"]
[Date "2022.07.04"]
[Round "7.4"]
[White "Strete, Ciprian-Iulian"]
[Black "Stimec, Marjan"]
[Result "1/2-1/2"]
[WhiteElo "1763"]
[BlackElo "1787"]
[PlyCount "77"]
[EventDate "2022.06.28"]
[EventType "team"]
[EventRounds "7"]
[EventCountry "MKD"]
[WhiteTeam "Romania"]
[BlackTeam "Slovenia"]
[WhiteTeamCountry "ROU"]
[BlackTeamCountry "SLO"]

1. d4 d5 2. Nc3 Nf6 3. h3 e6 4. Bg5 Be7 5. e3 O-O 6. Nf3 Nbd7 7. Bd3 c5 8. Bb5
a6 9. Bxd7 Bxd7 10. O-O cxd4 11. exd4 Rc8 12. a3 Qb6 13. Rb1 Qc7 14. Ne5 Be8
15. Bf4 Bd6 16. Re1 b5 17. Re3 Kh8 18. Qf3 Nd7 19. Rbe1 Nxe5 20. Bxe5 Qd8 21.
Qg4 Bxe5 22. Rxe5 Bd7 23. Qg3 a5 24. Qd3 b4 25. Ne2 Qc7 26. Rc1 Qd6 27. Rh5 g6
28. Rh4 Qe7 29. g3 f5 30. Rf4 Qd6 31. h4 Kg7 32. Qe3 Kf7 33. Rf3 Bb5 34. Nf4
Rfe8 35. Nh3 Kg7 36. h5 Ra8 37. Qg5 Qd8 38. Qf4 Qb8 39. h6+ 1/2-1/2

[Event "IX IBCA World Team Ch. for the Blind an"]
[Site "Ohrid, North Macedonia"]
[Date "2022.07.04"]
[Round "7.2"]
[White "Stachanczyk, Jacek"]
[Black "Deville, Olivier"]
[Result "1-0"]
[WhiteElo "2194"]
[BlackElo "1752"]
[PlyCount "55"]
[EventDate "2022.06.28"]
[EventType "team"]
[EventRounds "7"]
[EventCountry "MKD"]
[WhiteTeam "Poland"]
[BlackTeam "France"]
[WhiteTeamCountry "POL"]
[BlackTeamCountry "FRA"]

1. e4 c5 2. Nc3 Nc6 3. Nf3 d6 4. d4 cxd4 5. Nxd4 Nf6 6. Bg5 e6 7. Qd2 a6 8.
O-O-O Bd7 9. f4 b5 10. Bxf6 gxf6 11. Kb1 Qb6 12. Nxc6 Bxc6 13. f5 b4 14. Ne2 e5
15. Ng3 h5 16. h4 Qc5 17. Bd3 Bh6 18. Qe2 Qe3 19. Nxh5 Ke7 20. Qf1 a5 21. Rh3
Qc5 22. Qe2 a4 23. Bc4 Rhc8 24. Nxf6 Kxf6 25. Qh5 Qxc4 26. Qxh6+ Ke7 27. Qxd6+
Ke8 28. Rg3 1-0

[Event "IX IBCA World Team Ch. for the Blind an"]
[Site "Ohrid, North Macedonia"]
[Date "2022.07.04"]
[Round "7.3"]
[White "Ambrosino, Theo"]
[Black "Suder, Ryszard"]
[Result "0-1"]
[WhiteElo "1628"]
[BlackElo "2084"]
[PlyCount "58"]
[EventDate "2022.06.28"]
[EventType "team"]
[EventRounds "7"]
[EventCountry "MKD"]
[WhiteTeam "France"]
[BlackTeam "Poland"]
[WhiteTeamCountry "FRA"]
[BlackTeamCountry "POL"]

1. c4 Nf6 2. Nc3 d5 3. cxd5 Nxd5 4. g3 g6 5. Bg2 Nxc3 6. bxc3 Bg7 7. e3 O-O 8.
Ne2 c5 9. O-O Nc6 10. Rb1 Qc7 11. Rb5 b6 12. Qa4 Bd7 13. Nf4 Rac8 14. d4 Na5
15. Nd5 Qd6 16. Ba3 Bxb5 17. Qxb5 Nb7 18. Nxb6 Qxb6 19. Qxb6 axb6 20. Bxb7 Rc7
21. Bd5 Rd8 22. c4 e6 23. dxc5 exd5 24. cxb6 Rxc4 25. Rd1 Rc6 26. b7 Rb6 27.
Be7 Re8 28. Rxd5 Rxb7 29. Rd8 Rbxe7 0-1

[Event "IX IBCA World Team Ch. for the Blind an"]
[Site "Ohrid, North Macedonia"]
[Date "2022.07.04"]
[Round "7.4"]
[White "Wolanski, Michal"]
[Black "Meyer, Eric"]
[Result "1-0"]
[WhiteElo "2005"]
[BlackElo "1625"]
[PlyCount "93"]
[EventDate "2022.06.28"]
[EventType "team"]
[EventRounds "7"]
[EventCountry "MKD"]
[WhiteTeam "Poland"]
[BlackTeam "France"]
[WhiteTeamCountry "POL"]
[BlackTeamCountry "FRA"]

1. c4 e6 2. Nc3 Nf6 3. e3 d5 4. Nf3 c6 5. b3 Bd6 6. Bb2 Nbd7 7. Be2 O-O 8. Qc2
e5 9. g4 dxc4 10. bxc4 Qe7 11. g5 Ne8 12. h4 Nc5 13. d4 exd4 14. Nxd4 Nc7 15.
O-O-O N7a6 16. a3 Bd7 17. h5 Rad8 18. Rdg1 Be6 19. g6 fxg6 20. hxg6 h6 21. Nxe6
Nxe6 22. c5 Naxc5 23. Bc4 b5 24. Ba2 Rxf2 25. Ne2 Na4 26. Qe4 Nac5 27. Qg4 Re8
28. Rf1 Qg5 29. Qxg5 Rxf1+ 30. Rxf1 hxg5 31. Nd4 a6 32. Nxe6 Nxe6 33. Rf7 Bf8
34. Rc7 c5 35. Bd5 Kh8 36. Ra7 c4 37. Rf7 Nd8 38. Rf3 Ne6 39. Rf7 Nd8 40. Ra7
Rxe3 41. Ra8 Be7 42. Kc2 Rd3 43. Bf7 g4 44. Be5 g3 45. Ra7 g2 46. Rxe7 g1=Q 47.
Re8# 1-0